[Event "SVK-ch sf 33rd corr"]
[Site "Slovakia"]
[Date "2004.??.??"]
[Round "?"]
[White "Husak, Jan"]
[Black "Karasek, Lubomir"]
[Result "1/2-1/2"]
[WhiteElo "2140"]
[BlackElo "2108"]
[PlyCount "69"]
[EventDate "2004.12.08"]
[EventType "tourn (corr)"]
[EventRounds "8"]
[EventCountry "SVK"]
[SourceTitle "Corr 2008"]
[Source "ChessBase"]
[SourceDate "2008.06.24"]
[SourceVersion "1"]
[SourceVersionDate "2008.06.24"]
[SourceQuality "1"]

1. e4 c5 2. Nf3 Nc6 3. d4 cxd4 4. Nxd4 Nf6 5. Nc3 e5 6. Ndb5 d6 7. Bg5 a6 8. Na3 b5 9. Bxf6 gxf6 10. Nd5 f5 11. c3 Bg7 12. Bd3 Ne7 13. Nxe7 Qxe7 14. 0-0 0-0 15. Qh5 d5 16. exd5 e4 17. Bc2 b4 18. Nc4 bxc3 19. bxc3 Qc5 20. Ne3 Qxc3 21. Rac1 Qe5 22. Ba4 Rb8 23. Rfd1 Rd8 24. Nc4 Qf4 25. Bc6 Bf6 26. Qe2 Qh6 27. Rc2 Qg5 28. Rcc1 Qh6 29. g3 Qg6 30. Qe3 Bg5 31. Qa7 Rb4 32. Qc5 Rb8 33. Qa7 Rb4 34. Qc5 Rb8 35. Qa7 1/2-1/2

[Event "SVK-ch sf 33rd corr"]
[Site "Slovakia"]
[Date "2004.??.??"]
[Round "?"]
[White "Jony, Frantisek"]
[Black "Karasek, Lubomir"]
[Result "1/2-1/2"]
[WhiteElo "2069"]
[BlackElo "2108"]
[PlyCount "56"]
[EventDate "2004.12.08"]
[EventType "tourn (corr)"]
[EventRounds "8"]
[EventCountry "SVK"]
[SourceTitle "Corr 2008"]
[Source "ChessBase"]
[SourceDate "2008.06.24"]
[SourceVersion "1"]
[SourceVersionDate "2008.06.24"]
[SourceQuality "1"]

1. e4 c5 2. Nf3 d6 3. d4 cxd4 4. Nxd4 Nf6 5. Nc3 a6 6. Be2 e6 7. 0-0 Be7 8. Qd3 Nc6 9. Rd1 Nxd4 10. Qxd4 Qc7 11. Qd3 b5 12. a3 Bb7 13. Bf4 Rd8 14. Qe3 Qc5 15. Qg3 Nxe4 16. Nxe4 Bxe4 17. Qxg7 Rf8 18. c3 Kd7 19. Be3 Qc6 20. g3 f6 21. Rac1 Bf3 22. Bxf3 Qxf3 23. Bc5 Ke8 24. Bb6 Rb8 25. Ba5 Qf5 26. Re1 Rc8 27. Rcd1 Rc5 28. Bb4 Re5 1/2-1/2

[Event "SVK-ch sf 33rd corr"]
[Site "Slovakia"]
[Date "2004.??.??"]
[Round "?"]
[White "Karasek, Lubomir"]
[Black "Priam, Stefan"]
[Result "1/2-1/2"]
[WhiteElo "2108"]
[BlackElo "2077"]
[PlyCount "122"]
[EventDate "2004.12.08"]
[EventType "tourn (corr)"]
[EventRounds "8"]
[EventCountry "SVK"]
[SourceTitle "Corr 2008"]
[Source "ChessBase"]
[SourceDate "2008.06.24"]
[SourceVersion "1"]
[SourceVersionDate "2008.06.24"]
[SourceQuality "1"]

1. g3 d5 2. Bg2 e5 3. d3 Nc6 4. c3 Nf6 5. b4 Bd6 6. Nf3 0-0 7. 0-0 Re8 8. Nbd2 Bg4 9. a3 a5 10. b5 Na7 11. c4 e4 12. dxe4 dxe4 13. Ng5 e3 14. fxe3 Qe7 15. Nde4 Nxe4 16. Nxe4 Be5 17. Ra2 c6 18. a4 Rad8 19. Qb3 cxb5 20. axb5 b6 21. Ba3 Qc7 22. Rc2 Nc8 23. c5 Be6 24. Qa4 f6 25. Nd2 Qb8 26. Nf3 Bf5 27. Rcc1 Bg6 28. Nd4 Na7 29. cxb6 Bxd4 30. exd4 Qxb6 31. Qc4+ Bf7 32. Qc5 Qxc5 33. Rxc5 Rb8 34. Rb1 Rb6 35. e4 a4 36. Rb4 Reb8 37. Bf1 Be8 38. Bc4+ Kh8 39. Rxa4 Nxb5 40. Bxb5 Rxb5 41. Ra7 Rb1+ 42. Kf2 Rh1 43. h4 h5 44. Bc1 Bg6 45. e5 fxe5 46. dxe5 Rb3 47. Ra3 Rh2+ 48. Kg1 Rxa3 49. Kxh2 Ra2+ 50. Kg1 Bf5 51. e6 Kg8 52. Rb5 Re2 53. Bb2 Bh3 54. Rb7 g6 55. Bd4 Rg2+ 56. Kh1 Rxg3 57. Kh2 Rd3 58. Rg7+ Kf8 59. Rxg6 Rxd4 60. Kxh3 Rd7 61. Rg5 Rg7 1/2-1/2

[Event "SVK-ch sf 33rd corr"]
[Site "Slovakia"]
[Date "2004.??.??"]
[Round "?"]
[White "Simoncic, Ladislav"]
[Black "Karasek, Lubomir"]
[Result "0-1"]
[WhiteElo "1925"]
[BlackElo "2108"]
[PlyCount "64"]
[EventDate "2004.12.08"]
[EventType "tourn (corr)"]
[EventRounds "8"]
[EventCountry "SVK"]
[SourceTitle "Corr 2008"]
[Source "ChessBase"]
[SourceDate "2008.06.24"]
[SourceVersion "1"]
[SourceVersionDate "2008.06.24"]
[SourceQuality "1"]

1. e4 c5 2. Nf3 d6 3. d4 Nf6 4. Nc3 cxd4 5. Nxd4 a6 6. Bg5 e6 7. f4 Be7 8. Qf3 Qc7 9. 0-0-0 Nbd7 10. g4 b5 11. Bxf6 Nxf6 12. g5 Nd7 13. f5 Nc5 14. f6 gxf6 15. gxf6 Bf8 16. Qh5 Bd7 17. Bg2 b4 18. Nce2 Rc8 19. Kb1 e5 20. Nf5 Bxf5 21. Qxf5 Ne6 22. c3 Rg8 23. Bh3 Qc4 24. Bf1 Qc6 25. h4 Rg6 26. Rh3 Nc5 27. h5 Rh6 28. Bg2 Nd7 29. Rd2 Rxf6 30. Qg5 Bh6 31. Qg8+ Ke7 32. Qg4 Bxd2 0-1